000
00332nam a2200133Ia 4500
008
240624s9999 xx 000 0 und d
041
_a
eng
082
_a
658.85 RAC
100
_a
RACKHAM NEIL
245
_a
SPIN SELLING FIELDBOOK
260
_c
2015
_a
New Delhi
_b
Tata McGraw-Hill
300
_a
206 : p. : cm. ; 22
365
_c
RS
_b
33
999
_c
25785
_d
25785